00411nam a2200121Ia 4500008004100000245006600041245001600107260000900123650001400132856005100146999001900197952007300216171211s9999 xx 000 0 und d aCapital Markets Law and Compliance: The Implications of MiFID cPaul Nelson c2008 xECONOMICS uhttp://down.ebook777.com/063/9780521889360.pdf c349563d349563 001040aCLbCLd2017-12-11l0r2017-12-11 00:00:00w2017-12-11yCBE